000 00637nam a2200193Ia 4500
008 140321s9999 xx 000 0 und d
020 _a9789717251813
050 _aTX 911.3.M27
_b.G917 2012
100 _aGuasch, Juan Martin
245 _aHotel and restaurant management :
_ban introduction /
_cJuan Martin Guasch, Erlinda H. De Gracia and Cerila B. Esgra.
260 _aManila :
_bGrandbooks Pub. Inc.,
_cc2012.
300 _a274 p. :
_bill. ;
_c21 cm.
500 _aIncludes bibliographical references.
521 _aTOU
650 _aHotel management.
650 _aRestaurant management.
942 _kLOC
_cBK
999 _c48349
_d48349